| 000 | 00646nam a22001937a 4500 | ||
|---|---|---|---|
| 003 | OSt | ||
| 005 | 20250820051819.0 | ||
| 008 | 250820b |||||||| |||| 00| 0 eng d | ||
| 020 | _a0-609-61087-2. | ||
| 040 |
_aDWCL MAIN LIB _cOC |
||
| 082 | _aCirc. 641.5 G883i 2004 | ||
| 100 | _aGROVEMAN, LAUREN | ||
| 245 |
_aThe i love to cook book : _brediscovering the joy of cooking for family and friends / _cGROVEMAN, LAUREN |
||
| 260 |
_aNew York : _bClarkson Potter Pub., _c c2004. |
||
| 300 |
_a320 pages : _b color illustrations ; _c26cm. |
||
| 504 | _aIncludes bibliography and index. | ||
| 650 | _2Cooking. | ||
| 942 |
_2ddc _cBK-CIRC _kCirc. _n0 |
||
| 999 |
_c4108 _d4108 |
||